00000000nam 2200000zi 4500
0019.946749
003CaOODSP
00520250303103444
006m     o  d f      
007cr |n|||||||||
008250110s1950    oncab   o    f000 0 eng d
040 |aCaOODSP|beng|erda|cCaOODSP
043 |an-cn-ab
0861 |aA52-217/1950E-PDF
0861 |zA51-136E-PDF
1001 |aLowe, Victor J., |eauthor.
24510|aDominion Experimental Substation, Fort Vermilion, Alberta : |bprogress report, 1939-1948 / |cVictor J. Lowe.
24616|aDominion Experimental Substation, Fort Vermilion, Alta. : |bresults of experiments, 1939-1948
264 1|aOttawa, Canada : |bMinister of Agriculture, |c[1950]
300 |a1 online resource (40 pages) : |billustrations, map
336 |atext|btxt|2rdacontent
337 |acomputer|bc|2rdamedia
338 |aonline resource|bcr|2rdacarrier
500 |aDigitized edition from print [provided by Agriculture and Agri-Food Canada].
61025|bDominion Experimental Substation (Fort Vermilion, Alta.)
61025|aDominion Experimental Substation (Fort Vermilion, Alb.)
650 0|aAgricultural experiment stations|zAlberta|zFort Vermilion.
650 6|aStations agronomiques|zAlberta|zFort Vermilion.
7102 |bDominion Experimental Substation (Fort Vermilion, Alta.), |eissuing body.
7101 |aCanada. |bExperimental Farms Service, |eissuing body.
85640|qPDF|s12.90 MB|uhttps://publications.gc.ca/collections/collection_2025/aac-aafc/A51-136-1948-eng.pdf
986 |a5M—14257-11:50